[Event "RUS-chT Rapid Men 2018"]
[Site "Sochi"]
[Date "2018.10.08"]
[Round "1"]
[White "Apryshko, Gleb"]
[Black "Grigoriants, Boris"]
[Result "1-0"]
[WhiteElo "2399"]
[BlackElo "1914"]
[Annotator "NA"]
[PlyCount "53"]
[EventDate "2018.10.05"]
[EventType "swiss"]
[EventCountry "RUS"]
[SourceTitle "playchess.com"]
[Source "ChessBase"]
[SourceQuality "1"]
[TimeControl "900+10"]

1. e4 {[%emt 0:00:26]} e5 {[%emt 0:01:00]} 2. Nf3 {[%emt 0:00:08]} Nc6 {[%emt 0:00:02]} 3. Nc3 {[%emt 0:00:02]} Nf6 {[%emt 0:00:01]} 4. a3 {[%emt 0:00:01]} a6 {[%emt 0:01:05]} 5. d4 {[%emt 0:00:01]} exd4 {[%emt 0:01:55]} 6. Nxd4 {[%emt 0:00:01]} Bc5 {[%emt 0:00:07]} 7. Nxc6 {[%emt 0:00:13]} dxc6 {[%emt 0:00:42]} 8. Qxd8+ {[%emt 0:00:14]} Kxd8 {[%emt 0:00:01]} 9. Bg5 {[%emt 0:00:08]} Be7 {[%emt 0:02:43]} 10. O-O-O+ {[%emt 0:00:42]} Ke8 {[%emt 0:00:24]} 11. Bf4 {[%emt 0:00:51]} Ng4 {[%emt 0:00:47]} 12. Rd2 {[%emt 0:00:01]} Bd6 {[%emt 0:00:14]} 13. Bxd6 {[%emt 0:00:05]} cxd6 {[%emt 0:00:01]} 14. f3 {[%emt 0:00:37]} Ne5 {[%emt 0:00:26]} 15. Rxd6 {[%emt 0:00:04]} Be6 {[%emt 0:00:05]} 16. f4 {[%emt 0:00:18]} Ng4 {[%emt 0:01:22]} 17. Be2 {[%emt 0:00:02]} Ne3 {[%emt 0:00:57]} 18. f5 {[%emt 0:00:26]} Bc4 {[%emt 0:00:22]} 19. Kd2 {[%emt 0:00:37]} Ke7 {[%emt 0:02:26]} 20. Kxe3 {[%emt 0:00:13]} Bxe2 {[%emt 0:00:13]} 21. e5 {[%emt 0:00:47]} Bg4 {[%emt 0:00:53]} 22. Kf4 {[%emt 0:00:06]} h5 {[%emt 0:01:28]} 23. h3 {[%emt 0:00:06]} g5+ {[%emt 0:00:01]} 24. Ke4 {[%emt 0:00:20]} Bxh3 {[%emt 0:00:58]} 25. f6+ {[%emt 0:00:09]} Kf8 {[%emt 0:00:12]} 26. gxh3 {[%emt 0:00:01]} Kg8 {[%emt 0:00:03]} 27. Rd7 1-0

[Event "RUS-chT Rapid Men 2018"]
[Site "Sochi"]
[Date "2018.10.08"]
[Round "1"]
[White "Truskavetsky, Alexandr"]
[Black "Grachev, Boris"]
[Result "0-1"]
[WhiteElo "2393"]
[BlackElo "2626"]
[Annotator "TA"]
[PlyCount "62"]
[EventDate "2018.10.05"]
[EventType "swiss"]
[EventCountry "RUS"]
[SourceTitle "playchess.com"]
[Source "ChessBase"]
[SourceQuality "1"]

{[%evp 20,62,9,9,9,12,9,8,52,66,61,59,42,53,37,41,44,29,32,23,27,15,16,-41,0,-13,-9,-13,-18,-17,-13,-17,-20,-16,-14,-14,-12,-79,-72,-591,-602,-602,-597,-591,-591]} 1. d4 d5 2. c4 e6 3. Nf3 Nf6 4. g3 dxc4 5. Bg2 Bd7 6. Ne5 Bc6 7. Nxc6 Nxc6 8. O-O Qd7 {E04: Katalanisch} 9. e3 Rd8 10. Qa4 (10. Qe2 e5 11. Qxc4 exd4 12. Qb5 Rb8 13. Rd1 a6 14. Qf1 Bd6 15. exd4 O-O 16. Bh3 {½-½ (76) Tomashevsky,E (2722)-Bu,X (2698) Novi Sad 2016}) 10... Nb4 11. Qxd7+ {LiveBook: 15 Partien} Nxd7 12. Na3 Nb6 13. Bxb7 c6 $146 {zielt auf ...Tb8 ab.} ({Vorgänger:} 13... c5 14. Rd1 Be7 15. Bd2 O-O 16. dxc5 Bxc5 {½-½ (61) Xiang,Z (2423)-Chen,Q (2432) Tianjin 2018}) 14. Bd2 Kd7 15. Bxb4 Bxb4 16. Nc2 Bd6 17. Ba6 Rb8 18. b3 c3 19. e4 f5 20. exf5 exf5 21. Ne3 (21. Rac1 $11) 21... Ba3 22. Nxf5 Nd5 $1 23. Ne3 Nxe3 24. fxe3 Rbe8 25. Bd3 Rxe3 26. Bc2 Re2 27. Rf2 Rhe8 28. Raf1 (28. Kf1 $11 Rd2 29. Re1) 28... Rd2 $17 29. Rd1 $2 {[%mdl 8192]} (29. Bxh7 $17 {lebt länger.} Kd6 30. Bc2) 29... Rxd1+ $1 $19 {Schwarz steht klar auf Gewinn.} 30. Bxd1 {[#]} Re1+ $1 31. Rf1 {[#]} Rxd1 $1 {[%mdl 512] Precision: Weiß = 35%, Schwarz = 82%.} 0-1

[Event "RUS-chT Rapid Men 2018"]
[Site "Sochi"]
[Date "2018.10.08"]
[Round "1"]
[White "Tekeyev, Zaur"]
[Black "Nepomniachtchi, Ian"]
[Result "0-1"]
[WhiteElo "2392"]
[BlackElo "2759"]
[Annotator "TA"]
[PlyCount "66"]
[EventDate "2018.10.05"]
[EventType "swiss"]
[EventCountry "RUS"]
[SourceTitle "playchess.com"]
[Source "ChessBase"]
[SourceQuality "1"]

{[%evp 18,66,20,0,62,19,39,41,29,26,46,51,47,35,39,-14,0,-2,-6,-6,-12,-23,-30,-90,0,-52,-51,-122,-102,-187,-140,-194,-200,-231,-140,-209,-174,-210,-201,-238,-245,-637,-633,-903,-912,-901,-895,-879,-865,-4918,-4818]} 1. e4 c5 2. Nf3 d6 3. Bb5+ Nd7 4. O-O a6 5. Bd3 Ngf6 6. Re1 {B51: Sicilian: Moscow Variation (3 Bb5+) without 3...Bd7} g6 7. c3 Bg7 8. Bc2 O-O 9. d4 e5 10. a4 {LiveBook: 7 Games} Qc7 (10... exd4 $11 11. cxd4 cxd4) (10... cxd4 11. cxd4 exd4 12. Nxd4 Nc5 {1-0 (33) Jakovenko,D (2748)-Nepomniachtchi,I (2768) Satka 2018}) 11. dxe5 Nxe5 12. Nxe5 $146 ({Predecessor:} 12. h3 Re8 {½-½ (21) Iordachescu,V (2582)-Sanikidze,T (2549) Haguenau 2013}) 12... dxe5 13. c4 Bg4 14. f3 Be6 15. Qe2 b5 16. Nd2 (16. axb5 $14 axb5 17. Rxa8 Rxa8 18. cxb5) 16... Nd7 17. axb5 axb5 18. Rxa8 Rxa8 19. cxb5 c4 {[%cal Bc5c4,Bc4c3][%mdl 32]} 20. b3 (20. Kh1 $11 {keeps the balance.}) 20... Qc5+ (20... c3 $17 21. Nc4 Qc5+ 22. Qe3 Qb4) 21. Kf1 (21. Kh1 $11) 21... c3 $36 {[%mdl 2048] Black has the initiative.} 22. Nc4 ({White should try} 22. Nb1 $15) 22... Qxb5 $17 23. Qd3 (23. Ne3 $17 Qb4 24. Nd5 Bxd5 25. exd5) 23... Qb4 24. Be3 (24. Ba3 $17 {keeps fighting.} Rxa3 25. Nxa3 Qxa3 26. Qxc3) 24... Bf8 $1 $19 25. Rc1 Rc8 {[%cal Rc8c4] Hoping for ...Rxc4.} 26. Qe2 (26. Rb1 $17 {is a better defense.}) 26... Nc5 {[%cal Bd7c5,Bc5b3,Bb3d2][%mdl 32]} ({Don't do} 26... Bxc4 27. bxc4 Bc5 28. Rb1 $17) 27. Nxe5 Nxb3 ({Weaker is} 27... Bxb3 28. g3 $15) 28. Rb1 {[#]} Qa3 $1 29. f4 $2 {[#]} (29. Kf2) 29... Nd2+ $1 {[%mdl 512] Black is clearly winning.} 30. Bxd2 cxd2 31. Qxd2 {[#]} Qa2 $1 32. Rc1 Ba3 33. f5 Bxc1 {Precision: White = 21%, Black = 75%.} 0-1

[Event "RUS-chT Rapid Men 2018"]
[Site "Sochi"]
[Date "2018.10.08"]
[Round "1"]
[White "Ivlev, Aleksey"]
[Black "Timofeev, Artyom"]
[Result "1/2-1/2"]
[WhiteElo "2326"]
[BlackElo "2580"]
[Annotator "TA"]
[PlyCount "87"]
[EventDate "2018.10.05"]
[EventType "swiss"]
[EventCountry "RUS"]
[SourceTitle "playchess.com"]
[Source "ChessBase"]
[SourceQuality "1"]

{[%evp 19,87,36,33,14,44,13,21,7,12,10,30,27,26,17,45,33,36,41,48,42,62,43,59,60,51,42,42,38,70,29,87,88,103,103,104,110,133,119,118,0,115,132,157,161,202,58,60,59,93,13,93,101,147,0,0,0,0,0,0,0,0,0,0,0,0,0,0,0,0,0]} 1. d4 d5 2. c4 e6 3. Nf3 a6 4. cxd5 exd5 5. Nc3 Nf6 6. Qb3 {D37: Queen's Gambit Declined: 5 Bf4} (6. Bg5 Be6 7. e3 Nbd7 8. Bd3 h6 9. Bf4 g5 10. Bg3 Nh5 11. Be5 Nhf6 12. Bg3 Nh5 13. Qb3 Nxg3 14. hxg3 {½-½ (48) Karjakin,S (2773)-Caruana,F (2822) Saint Louis 2018}) 6... Be7 7. Bg5 c6 8. e3 O-O 9. Bd3 Nbd7 10. O-O Re8 {LiveBook: 10 Games} 11. Qc2 Nf8 12. Ne5 N6d7 $146 ({Predecessor:} 12... Qc7 13. Bxf6 Bxf6 14. Nxd5 Qd6 15. Nxf6+ Qxf6 {0-1 (23) Woest,H (1323)-Woolf,C (1465) Cape Town 2016}) 13. Bf4 Nxe5 14. Bxe5 Bd6 15. Bxd6 Qxd6 16. Na4 Bg4 {[%cal Bc8g4,Bg4h5,Bh5g6][%mdl 32]} 17. Nc5 Re7 18. b4 Bh5 19. a4 Bg6 20. b5 cxb5 21. axb5 a5 22. Rfc1 b6 23. Na4 {aiming for Bxg6.} Rb8 24. Bxg6 hxg6 (24... Nxg6 $11 25. Qc6 Qd8) 25. Qb3 $16 Ne6 26. Rc6 Qd8 27. Rac1 Kh7 28. Qd1 Rc7 29. Qf3 (29. g3 $16) 29... Rxc6 (29... Rbc8 $11 {remains equal.}) 30. Rxc6 (30. bxc6 Qd6 $14) 30... Qe7 31. h3 ({Stronger than} 31. Nxb6 Nxd4 32. Qh3+ Kg8 $11) ({Worse is} 31. Rxb6 Rxb6 32. Nxb6 Qc7 $17) 31... Qb4 {[#] Hoping for ...Qb1+.} 32. Qxf7 (32. Nc3 $1 $18 Rf8 33. Qxd5 (33. Nxd5 Qb1+ 34. Kh2 Qxb5 $16)) 32... Qb1+ $14 33. Kh2 Nd8 34. Qd7 (34. Qc7 $16 Nxc6 35. bxc6) 34... Nxc6 (34... Qxb5 $11 35. Rc7 Qxd7 36. Rxd7 b5) 35. bxc6 $11 {[%mdl 4096] Endgame KQR-KQN} Qf5 {[#] ...Qxd7 is the strong threat.} 36. c7 (36. Qe7 $1 $16 Qf6 37. c7) 36... Qxd7 {The position is equal.} 37. cxb8=Q Qxa4 38. Qxb6 {KQ-KQ} Qa2 39. Qd8 a4 40. Qh4+ Kg8 41. e4 dxe4 42. Qxe4 {With the idea d5.} Qxf2 43. d5 Qf6 44. Qxa4 {Precision: White = 61%, Black = 52%.} 1/2-1/2

[Event "RUS-chT Rapid Men 2018"]
[Site "Sochi"]
[Date "2018.10.08"]
[Round "1"]
[White "Remizov, Yaroslav"]
[Black "Cherenkov, Andrey"]
[Result "1/2-1/2"]
[WhiteElo "2315"]
[BlackElo "2226"]
[Annotator "NA RC"]
[PlyCount "87"]
[EventDate "2018.10.05"]
[EventType "swiss"]
[EventCountry "RUS"]
[SourceTitle "playchess.com"]
[Source "ChessBase"]
[SourceQuality "1"]
[TimeControl "900+10"]

1. e4 {[%emt 0:00:00]} c6 {[%emt 0:00:00]} 2. d4 {[%emt 0:00:00]} d5 {[%emt 0:00:00]} 3. exd5 {[%emt 0:00:00]} cxd5 {[%emt 0:00:00]} 4. c4 {[%emt 0:00:00]} Nf6 {[%emt 0:00:00]} 5. Nc3 $11 {[%emt 0:00:00] LiveBook: 9103 Games} g6 {[%emt 0:00:00]} 6. Qb3 {[%emt 0:00:28]} Bg7 {[%emt 0:00:00]} 7. cxd5 {[%emt 0:00:05]} O-O {[%emt 0:00:04]} 8. Be2 {[%emt 0:00:53]} Nbd7 {[%emt 0:01:36]} 9. Bf3 {[%emt 0:01:02]} Nb6 {[%emt 0:00:09]} 10. Nge2 {[%emt 0:00:13]} Bg4 {[%emt 0:00:07]} 11. Bxg4 {[%emt 0:01:04]} Nxg4 {[%emt 0:00:02]} 12. O-O {[%emt 0:00:41]} Qd7 {[%emt 0:00:04]} 13. Bg5 {[%emt 0:03:02]} Rfd8 {[%emt 0:00:38]} 14. h3 {[%emt 0:04:01]} Nf6 {[%emt 0:00:14]} 15. Rfe1 {[%emt 0:01:24]} Nfxd5 {[%emt 0:00:19]} 16. Nxd5 {[%emt 0:00:20]} Nxd5 {[%emt 0:01:34]} 17. Nc3 {[%emt 0:00:43]} Bxd4 {[%emt 0:01:30]} 18. Nxd5 {[%emt 0:00:34]} Qxd5 {[%emt 0:00:17]} 19. Bxe7 {[%emt 0:00:11]} Qxb3 {[%emt 0:00:49]} 20. axb3 {[%emt 0:00:02]} Rdc8 {[%emt 0:00:01]} 21. Re2 {[%emt 0:00:57]} Rc7 {[%emt 0:01:54]} 22. Rd1 {[%emt 0:00:37]} Bxb2 {[%emt 0:01:13]} 23. Bd6 {[%emt 0:01:40]} Rc1 {[%emt 0:00:02]} 24. Rxc1 {[%emt 0:00:00]} Bxc1 {[%emt 0:00:01]} 25. Re7 {[%emt 0:00:01]} b6 {[%emt 0:00:35]} 26. Be5 {[%emt 0:00:02]} Ba3 {[%emt 0:01:31]} 27. Rb7 {[%emt 0:00:02]} Bc5 {[%emt 0:00:11]} 28. Bb8 {[%emt 0:00:23]} a5 {[%emt 0:00:23]} 29. Ba7 {[%emt 0:00:13]} Rd8 {[%emt 0:02:24]} 30. Bxb6 {[%emt 0:00:02]} Rd1+ {[%emt 0:00:28]} 31. Kh2 {[%emt 0:00:01]} Bb4 {[%emt 0:01:09]} 32. Ra7 {[%emt 0:00:41]} Rd5 {[%emt 0:00:01]} 33. g3 {[%emt 0:00:34]} Kg7 {[%emt 0:00:04]} 34. Kg2 {[%emt 0:00:02]} Kf6 {[%emt 0:00:11]} 35. Kf3 {[%emt 0:00:13]} Ke6 {[%emt 0:00:23]} 36. g4 {[%emt 0:00:11]} h5 {[%emt 0:00:07]} 37. Ra8 {[%emt 0:00:25]} Rd3+ {[%emt 0:00:17]} 38. Kg2 {[%emt 0:00:00]} hxg4 {[%emt 0:00:06]} 39. hxg4 {[%emt 0:00:01]} Rxb3 {[%emt 0:00:20]} 40. Ra6 {[%emt 0:00:08]} Kd5 {[%emt 0:00:09]} 41. Ra7 {[%emt 0:00:02]} Kc6 {[%emt 0:00:47]} 42. Bxa5 {[%emt 0:00:18]} Bxa5 {[%emt 0:01:41]} 43. Rxa5 {[%emt 0:00:01]} Kd6 {[%emt 0:00:05]} 44. f3 {[%emt 0:00:06] Ke5} 1/2-1/2

[Event "RUS-chT Rapid Men 2018"]
[Site "Sochi"]
[Date "2018.10.08"]
[Round "1"]
[White "Tsvetkov, Andrey"]
[Black "Bocharov, Ivan"]
[Result "1-0"]
[WhiteElo "2264"]
[BlackElo "2563"]
[Annotator "TA"]
[PlyCount "91"]
[EventDate "2018.10.05"]
[EventType "swiss"]
[EventCountry "RUS"]
[SourceTitle "playchess.com"]
[Source "ChessBase"]
[SourceQuality "1"]

{[%evp 19,91,79,80,72,68,73,64,55,88,86,105,69,83,68,89,98,95,88,122,87,140,127,139,125,152,52,69,75,124,107,96,75,94,79,69,33,19,0,0,0,0,0,0,0,0,0,150,0,81,93,769,762,699,694,760,747,754,737,1472,1469,1271,1664,1426,1553,1456,1351,1159,1163,4978,1071,29962,29955,29995,29996]} 1. d4 d5 2. c4 c6 3. Nf3 Nf6 4. g3 Bf5 5. Nc3 e6 6. Nh4 {D11: Slav Defence: 3 Nf3 sidelines and 3...Nf6 4 e3 Bg4} (6. Qb3 Qc8 7. Bg2 h6 8. O-O Be7 9. Nd2 O-O 10. e4 dxe4 11. Ndxe4 Rd8 12. Be3 Ng4 {0-1 (27) Jakovenko,D (2710)-Mamedyarov,S (2791) Sochi 2017}) 6... Be4 7. f3 Bg6 8. Qb3 Qb6 9. c5 Qc7 10. Bf4 Qc8 {LiveBook: 10 Games} 11. e4 dxe4 12. Nxg6 hxg6 13. Nxe4 Nxe4 14. fxe4 Nd7 $146 15. Bc4 Be7 16. O-O $36 {[%mdl 2048] White is more active.} Nf6 17. Qf3 O-O 18. Rad1 Qd7 19. Bd6 Bxd6 (19... a5 $142) 20. cxd6 $16 Rac8 21. b4 a5 22. a3 (22. bxa5 $16 Ra8 23. e5) 22... axb4 23. axb4 b6 24. e5 Nd5 25. Qb3 b5 26. Bxd5 cxd5 27. Rc1 Rc4 28. Rxc4 dxc4 $11 {[%mdl 4096] Endgame KQR-KQR} 29. Qc3 f6 30. Kg2 Qb7+ 31. Qf3 Qxf3+ 32. Rxf3 {Hoping for Ra3. KR-KR} Rc8 {[#]} ({Better is} 32... Ra8 $11) 33. Kf2 ({And not} 33. exf6 Rc6 $11) (33. Ra3 $1 $16) 33... Kf7 (33... Ra8 $11) 34. Ra3 $16 g5 $2 {[%mdl 8192]} (34... Ke8 $16) 35. Ra7+ $18 Kg6 {[#]} 36. d5 $1 {[%mdl 512]} Kf5 (36... exd5 37. d7) 37. dxe6 Kxe6 38. Re7+ Kd5 {[#]} 39. d7 $1 {[%cal Rd7c8]} Rd8 40. e6 Kd6 41. Re8 Kc7 42. Ke3 f5 43. Kd4 f4 44. gxf4 (44. Kc5 $142 Rxd7 45. exd7 Kxd7 46. Re1) 44... gxf4 45. Kd5 c3 46. Rxd8 {Precision: White = 53%, Black = 33%.} 1-0

[Event "RUS-chT Rapid Men 2018"]
[Site "Sochi"]
[Date "2018.10.08"]
[Round "1"]
[White "Borisova, Ekaterina"]
[Black "Gutenev, Alexander"]
[Result "0-1"]
[WhiteElo "2256"]
[BlackElo "2456"]
[Annotator "TA"]
[PlyCount "62"]
[EventDate "2018.10.05"]
[EventType "swiss"]
[EventCountry "RUS"]
[SourceTitle "playchess.com"]
[Source "ChessBase"]
[SourceQuality "1"]

{[%evp 21,62,19,0,-31,-41,-45,-42,-43,-35,-50,-17,-3,-11,-115,-121,-134,-141,-132,-131,-222,-222,-222,-220,-222,-215,-323,-360,-350,-296,-680,-647,-757,-754,-1726,-1542,-5618,-5606,-5563,-2693,-5310,-5309,-4132,-3098]} 1. e4 c5 2. Nf3 Nc6 3. d4 cxd4 4. Nxd4 Nf6 5. Nc3 d6 6. Bg5 e6 7. Qd2 a6 8. O-O-O Bd7 9. f4 h6 10. Bh4 Nxe4 11. Nxe4 {B67: Sicilian: Richter-Rauzer: 7...a6 8 0-0-0 Bd7, lines without 9 f4 Be7} (11. Qe1 Nf6 12. Nf5 Qa5 13. Nxd6+ Bxd6 14. Rxd6 O-O-O 15. Rd2 Ne7 16. Qe5 Qxe5 17. fxe5 Nf5 18. Bxf6 gxf6 19. exf6 Bc6 20. Bd3 Rhg8 21. Bxf5 Rxd2 22. Bxe6+ fxe6 23. Kxd2 Rxg2+ {½-½ (44) Ter Sahakyan,S (2605)-Gabuzyan,H (2569) Martuni 2017}) 11... Qxh4 {LiveBook: 9 Games} 12. Nxc6 (12. Nf3 {is more complex.} Qe7 13. Nxd6+ Qxd6 14. Qxd6 Bxd6 15. Rxd6 O-O-O 16. Be2) 12... Bxc6 13. Nxd6+ {Black is slightly better.} Bxd6 14. Qxd6 Rd8 15. Qxd8+ Qxd8 16. Rxd8+ Kxd8 $15 {[%mdl 4096] Endgame KRB-KRB} 17. Bd3 {[#]} (17. h4 $11) 17... g5 $1 $17 18. Rf1 $146 ({Predecessor:} 18. Rd1 Ke7 {0-1 (31) Petermann,M (2071)-Hirneise,J (2251) Deizisau 2008}) 18... Bxg2 19. Rf2 Bc6 20. fxg5 (20. f5 $17) 20... hxg5 $19 21. Rxf7 Rxh2 22. Rg7 Rg2 23. Kd1 (23. b4 {was called for.}) 23... Bf3+ 24. Ke1 g4 {[%cal Bg5g4,Bg4g3,Bg3g2][%mdl 32]} 25. a4 $2 (25. Rg6) 25... e5 {[%cal Be6e5,Be5e4,Be4e3][%mdl 32] Black is clearly winning.} 26. Bf5 e4 27. Rd7+ Ke8 {White must now prevent ...e3.} 28. Rd2 Rxd2 29. Kxd2 g3 30. Ke3 g2 31. Kf2 {[#]} e3+ $1 {[%mdl 512] Precision: White = 15%, Black = 100%.} 0-1

[Event "RUS-chT Rapid Men 2018"]
[Site "Sochi"]
[Date "2018.10.08"]
[Round "1"]
[White "Nazaretyan, Tigran"]
[Black "Alekseev, Evgeny"]
[Result "0-1"]
[WhiteElo "2248"]
[BlackElo "2620"]
[Annotator "TA"]
[PlyCount "100"]
[EventDate "2018.10.05"]
[EventType "swiss"]
[EventCountry "RUS"]
[SourceTitle "playchess.com"]
[Source "ChessBase"]
[SourceQuality "1"]

{[%evp 11,100,-10,13,0,6,0,0,-21,23,2,0,-23,-10,-26,4,5,37,3,55,46,27,35,51,45,52,0,9,0,0,-52,-42,-76,-14,-54,-52,-64,-50,-90,-89,-88,-93,-102,-75,-128,-116,-112,-110,-82,-82,-179,-146,-160,-164,-478,-436,-569,-559,-680,-607,-707,-709,-1215,-1211,-5226,-5017,-29982,-29983,-29981,-29982,-29984,-29985,-29985,-29986,-29986,-29987,-29987,-29988,-29988,-29982,-29982,-29983,-29989,-29990,-29990,-29986,-29986,-29987,-29985,-29985,-29989,-29988]} 1. d4 e6 2. c4 b6 3. a3 Bb7 4. Nc3 f5 5. Nf3 Nf6 6. Bg5 h6 {LiveBook: 3 Games. A40: Unusual replies to 1 d4} 7. Bxf6 Qxf6 8. e3 g5 {[%cal Bg7g5,Bg5g4][%mdl 32] The position is equal.} 9. Qc2 Bg7 $146 ({Predecessor:} 9... g4 10. Nd2 c5 11. dxc5 Na6 12. cxb6 axb6 13. O-O-O Bg7 14. h3 {0-1 (33) Pountzas,H (2119)-Smerdon,D (2523) Aghios Kirykos 2015}) 10. O-O-O O-O 11. h4 g4 12. Ne5 d6 13. Nd3 e5 14. d5 c6 (14... h5 $11) 15. f3 $14 cxd5 16. cxd5 h5 17. e4 Nd7 18. exf5 Qxf5 19. fxg4 hxg4 20. Nb4 ({White should play} 20. Be2 $11) 20... Qxc2+ $15 21. Kxc2 Nc5 (21... Rf2+ $17 22. Kc1 Bh6+ 23. Kb1 Nf6) 22. Nc6 Rf2+ 23. Rd2 Raf8 24. Ne7+ Kh7 25. b4 {[#]} Bh6 $1 26. Rxf2 Rxf2+ 27. Kb1 (27. Be2 $142 Ne4 28. Rf1) 27... Nb3 $17 28. Bd3+ Kh8 29. Nf5 Nd2+ 30. Ka1 (30. Kc2 $17 Ne4+ 31. Kb3 Rxf5 32. Bxe4) 30... Bg7 $40 {[%mdl 128] White is in trouble.} 31. Nxg7 ({Avoid the trap} 31. Nxd6 $2 e4 $19) 31... Kxg7 32. Bb5 $2 (32. Nd1 {is a better chance.} Rxg2 33. Ne3) 32... Bc8 {[#] ( -> ...Nb3+)} 33. Bd3 Rxg2 34. h5 Kh6 35. Nb5 Ba6 36. a4 e4 37. Bc2 Bxb5 38. axb5 $19 {[%mdl 4096] Endgame KRB-KRN} e3 {Black mates.} 39. Bd3 Nf3 40. Rc1 Rg1 41. Kb2 Rxc1 42. Kxc1 {KB-KN} g3 43. Bf1 e2 44. Bxe2 g2 45. Bxf3 g1=Q+ 46. Kd2 Qd4+ 47. Ke2 Qxb4 48. Ke3 Qxb5 49. Ke4 Qc5 50. Kf5 b5 {Precision: White = 19%, Black = 65%.} 0-1

[Event "RUS-chT Rapid Men 2018"]
[Site "Sochi"]
[Date "2018.10.08"]
[Round "1"]
[White "Nuristani, Iman"]
[Black "Paravyan, David"]
[Result "0-1"]
[WhiteElo "2242"]
[BlackElo "2629"]
[Annotator "TA"]
[PlyCount "66"]
[EventDate "2018.10.05"]
[EventType "swiss"]
[EventCountry "RUS"]
[SourceTitle "playchess.com"]
[Source "ChessBase"]
[SourceQuality "1"]

{[%evp 18,66,54,37,41,49,66,16,4,-36,-38,-44,-47,-42,-27,-38,-29,-36,-12,-22,-10,-54,-61,-51,-48,-97,-38,-141,0,-67,-79,-120,-87,-194,-189,-29979,-29980,-29980,-29981,-29981,-29982,-29981,-29982,-29982,-29983,-29983,-29984,-29984,-29985,-29990,-29991]} 1. d4 Nf6 2. c4 g6 3. Nc3 Bg7 4. e4 d6 5. Be2 O-O 6. Bg5 c5 7. d5 h6 8. Be3 e6 9. Qd2 exd5 10. exd5 Qb6 {E74: King's Indian: Averbakh Variation: 6...c5} (10... Ng4 11. Bxg4 Bxg4 12. h3 Qh4 13. Kf1 Bf5 14. f4 Nd7 15. Nf3 Qe7 16. Re1 Nb6 17. b3 Qf6 18. Nd1 {1-0 (57) Wang,H (2737)-Radjabov,T (2793) Beijing 2012}) 11. Nf3 Bf5 $146 ({Predecessor:} 11... Bg4 12. O-O Re8 13. h3 Bxf3 14. Bxf3 Nbd7 15. Rab1 Ne5 16. Be2 Qb4 17. b3 a6 18. Qc1 {1-0 (34) Skierus,A (2054)-Taujanskis,E Platelia 2000}) 12. Nh4 Ne4 {The position is equal.} 13. Nxe4 Bxe4 14. f3 $1 {[%cal Rf3e4]} Qxb2 15. Rc1 Qf6 16. g3 Bf5 $1 {aiming for ...Bh3.} 17. Bxh6 Bxh6 18. Qxh6 Re8 $36 {[%mdl 2048] Black has the initiative.} 19. Nxf5 Qxf5 20. Kf2 Nd7 {...Rxe2+! is the strong threat.} 21. Qf4 Qh3 (21... Qxf4 $17 22. gxf4 Re7) 22. Qxd6 {[#]} ({White should try} 22. Rce1 $15) 22... Re5 (22... Rxe2+ $1 $17 {[%mdl 512]} 23. Kxe2 Qg2+ 24. Kd3 Qxf3+ 25. Kc2 Re8) 23. Bd3 (23. f4 $11 Rxe2+ 24. Kxe2 Qg2+ 25. Kd3) 23... Rae8 $15 24. Rcd1 Kg7 $1 25. Bf1 {[#]} (25. a4 $17) 25... Qh6 $1 $19 ({Stronger than} 25... Qf5 26. Bd3 $11) 26. Qxd7 $2 {[#]} (26. h4 $19 Qe3+ 27. Kg2) 26... Re2+ $1 {Black mates.} 27. Bxe2 Qe3+ 28. Kg2 Qxe2+ 29. Kh3 Rh8+ 30. Kg4 Qxc4+ 31. Rd4 Qxd4+ 32. f4 Qe4 33. Rf1 Rxh2 {Precision: White = 22%, Black = 67%.} 0-1

[Event "RUS-chT Rapid Men 2018"]
[Site "Sochi"]
[Date "2018.10.08"]
[Round "1"]
[White "Taysayev, Timur"]
[Black "Usmanov, Vasily"]
[Result "1-0"]
[WhiteElo "2225"]
[BlackElo "2453"]
[Annotator "ChessBase"]
[PlyCount "61"]
[EventDate "2018.10.05"]
[EventType "swiss"]
[EventCountry "RUS"]
[SourceTitle "playchess.com"]
[Source "ChessBase"]
[SourceQuality "1"]
[TimeControl "900+10"]

1. e4 {[%emt 0:00:00]} c5 {[%emt 0:00:00]} 2. Nf3 {[%emt 0:00:00]} Nc6 {[%emt 0:00:00]} 3. d4 {[%emt 0:00:07]} cxd4 {[%emt 0:00:00]} 4. Nxd4 {[%emt 0:00:01]} Nf6 {[%emt 0:00:00]} 5. Nc3 {[%emt 0:00:02]} d6 {[%emt 0:00:00]} 6. Bc4 {[%emt 0:00:06]} Bd7 {[%emt 0:00:08]} 7. Bb3 {[%emt 0:00:08]} g6 {[%emt 0:00:10]} 8. f3 {[%emt 0:00:03]} Bg7 {[%emt 0:00:02]} 9. Be3 {[%emt 0:00:01]} a6 {[%emt 0:00:51]} 10. Qd2 {[%emt 0:01:56]} Rc8 {[%emt 0:00:53]} 11. O-O-O {[%emt 0:00:12]} Na5 {[%emt 0:01:04]} 12. Bh6 {[%emt 0:00:28]} O-O {[%emt 0:02:37]} 13. h4 {[%emt 0:02:14]} Nc4 {[%emt 0:00:20]} 14. Bxc4 {[%emt 0:00:16]} Rxc4 {[%emt 0:00:04]} 15. Bxg7 {[%emt 0:00:05]} Kxg7 {[%emt 0:00:03]} 16. h5 {[%emt 0:00:07]} Rh8 {[%emt 0:04:04]} 17. h6+ {[%emt 0:02:47]} Kf8 {[%emt 0:00:02]} 18. g4 {[%emt 0:00:07]} b5 {[%emt 0:02:59]} 19. Rhe1 {[%emt 0:02:28]} b4 {[%emt 0:01:51]} 20. Nd5 {[%emt 0:00:14]} e5 {[%emt 0:00:05]} 21. Qg5 {[%emt 0:00:59]} exd4 {[%emt 0:00:28]} 22. Nxf6 {[%emt 0:00:09]} Qe7 {[%emt 0:01:22]} 23. Nxd7+ {[%emt 0:01:57]} Qxd7 {[%emt 0:00:02]} 24. Rxd4 {[%emt 0:00:23]} Rxd4 {[%emt 0:00:21]} 25. Qf6 {[%emt 0:00:02]} Rc4 {[%emt 0:00:05]} 26. Qxh8+ {[%emt 0:00:12]} Ke7 {[%emt 0:00:01]} 27. e5 {[%emt 0:00:07]} Qc6 {[%emt 0:01:43]} 28. exd6+ {[%emt 0:01:04]} Kd7 {[%emt 0:00:14]} 29. Re7+ {[%emt 0:00:04]} Kxd6 {[%emt 0:00:01]} 30. Qd8+ {[%emt 0:00:02]} Kc5 {[%emt 0:00:03]} 31. Re5+ {[%emt 0:00:01] Kd5} 1-0